Catálogo
 En Linea

Educación superior en la República Dominicana diagnostico, pronóstico y estrategia / (Registro nro. 45665)

Detalles MARC
000 -CABECERA
campo de control de longitud fija 00809nam a2200193 a 4500
001 - NÚMERO DE CONTROL
campo de control 000046176
005 - FECHA Y HORA DE LA ÚLTIMA TRANSACCIÓN
campo de control 20230201091804.0
008 - DATOS DE LONGITUD FIJA--INFORMACIÓN GENERAL
campo de control de longitud fija 150702s1976 dr 000 0 spa d
040 ## - FUENTE DE LA CATALOGACIÓN
Centro catalogador/agencia de origen DO-SdBNP
Lengua de catalogación spa
Centro/agencia transcriptor BNPHU.
082 ## - NÚMERO DE LA CLASIFICACIÓN DECIMAL DEWEY
Número de clasificación xxxx
Número de documento/Ítem xxxx
100 1# - ENTRADA PRINCIPAL--NOMBRE DE PERSONA
Nombre de persona Prats-Ramírez de Pérez, Yvelisse
9 (RLIN) 25177
245 10 - MENCIÓN DE TÍTULO
Título Educación superior en la República Dominicana diagnostico, pronóstico y estrategia /
Mención de responsabilidad, etc. Ivelisse Prats- Ramírez de Pérez.
260 ## - PUBLICACIÓN, DISTRIBUCIÓN, ETC.
Lugar de publicación, distribución, etc. Santo Domingo :
Nombre del editor, distribuidor, etc. Departamento de Publicaciones,
-- Universidad Autónoma de Santo Domingo,
Fecha de publicación, distribución, etc. 1976.
300 ## - DESCRIPCIÓN FÍSICA
Extensión 24 p. ;
Dimensiones 21 cm.
490 1# - MENCIÓN DE SERIE
Mención de serie Publicaciones de la Universidad Autónoma de Santo Domingo
Designación de volumen o secuencia 214
490 1# - MENCIÓN DE SERIE
Mención de serie UASD crítica
Designación de volumen o secuencia 5
830 #0 - PUNTO DE ACCESO ADICIONAL DE SERIE-TÍTULO UNIFORME
Título uniforme Publicaciones de la Universidad Autónoma de Santo Domingo.
Número de parte o sección de la obra 214
9 (RLIN) 74219
830 #0 - PUNTO DE ACCESO ADICIONAL DE SERIE-TÍTULO UNIFORME
Título uniforme UASD crítica.
Número de parte o sección de la obra 5
9 (RLIN) 74220
Existencias
Estado de retiro Estado de pérdida No para préstamo Código de colección Localización permanente Ubicación/localización actual Ubicación en estantería Fecha de adquisición Número de inventario Total de préstamos Signatura topográfica completa Código de barras Fecha visto por última vez Precio válido a partir de Tipo de ítem Koha
    Excluido de préstamo Patrimonio Dominicano Patrimonio Dominicano Patrimonio Dominicano En catalogación 02.07.2015 LF1   xxxx xxxx 46176-10 25.06.2020 25.06.2020 Libro y Folleto Colección Patrimonio Dominicano

Con tecnología Koha